000 00308nam a22001337a 4500
008 170623b xxu||||| |||| 00| 0 eng d
020 _a9780742551497
041 _aeng
080 _a32
100 _a21
101 _aSHP
245 _aWHY AMERICA IN SUCH A HARD SELL
_cPILON.J.G
942 _2udc
_cBK
999 _c19105
_d19105